| 000 | 00823nam a2200253 a 4500 | ||
|---|---|---|---|
| 003 | OSt | ||
| 005 | 20210818181658.0 | ||
| 008 | 150317s2014 sp gr 0001f spa d | ||
| 020 | _a9788427208278 | ||
| 040 | _bspa | ||
| 041 | 1 |
_aspa _heng |
|
| 082 | 0 | 4 |
_a813.5 _bY21m |
| 100 | 1 | _aYancey, Rick. | |
| 245 | 1 | 3 |
_aEl mar infinito / _cRick Yancey ; traducción de Pilar Ramírez Tello. |
| 260 |
_aBarcelona : _bRBA, _c2014. |
||
| 300 |
_a314 páginas ; _c21 centímetros. |
||
| 534 |
_pTítulo original : _tThe infinite sea. |
||
| 650 | 4 | _aNovela estadounidense. | |
| 650 | 4 |
_aSupervivencia _v Novela. |
|
| 650 | 4 | _aNovela de ciencia ficción. | |
| 700 | 1 |
_aRamírez Tello, Pilar, _etraductora. |
|
| 942 |
_2ddc _h813.5 Y21m _k813.5 _mY21m |
||
| 949 | _a | ||
| 999 |
_c11887 _d11887 |
||